[Event "Philadelphia Int'l"]
[Site "Philadelphia"]
[Date "2010.06.26"]
[Round "4"]
[White "Mulyar, Michael A"]
[Black "Clancy, Daniel J"]
[Result "0-1"]
[WhiteElo "2398"]
[BlackElo "2140"]
[PlyCount "92"]
[EventDate "2010.06.??"]
[EventCountry "USA"]

1. c4 e6 2. Nf3 Nf6 3. g3 d5 4. d4 Be7 5. Bg2 O-O 6. O-O dxc4 7. Qc2 a6 8. a4
Bd7 9. Qxc4 Bc6 10. Bg5 a5 11. Nc3 Na6 12. Bxf6 Bxf6 13. e4 Nb4 14. Rad1 b6 15.
Rd2 Bb7 16. Rfd1 c6 17. Qe2 Qc7 18. e5 Be7 19. Ne4 Ba6 20. Qe3 Nd5 21. Qb3 Rab8
22. Rc1 Rfc8 23. Nc3 Qd8 24. Qd1 Qf8 25. h4 h6 26. Nh2 Nxc3 27. bxc3 Bc4 28.
Ng4 Bd5 29. c4 Bxg2 30. Kxg2 Qe8 31. Ne3 b5 32. c5 Qd7 33. Qc2 Rd8 34. Ra1 Ra8
35. f4 f5 36. exf6 Bxf6 37. Qg6 Qf7 38. Qg4 h5 39. Qf3 g6 40. Kh3 Kh7 41. Rg1
Be7 42. Rdg2 Rg8 43. Qe4 bxa4 44. Rf1 Rab8 45. Qxc6 Rb3 46. Qe4 Qf5+ 0-1

[Event "Philadelphia Int'l"]
[Site "Philadelphia"]
[Date "2010.06.26"]
[Round "4"]
[White "Panchanathan, Magesh"]
[Black "Smarty, Sylvester"]
[Result "1-0"]
[WhiteElo "2549"]
[BlackElo "2057"]
[PlyCount "80"]
[EventDate "2010.06.??"]
[EventCountry "USA"]

1. e4 c5 2. Nf3 d6 3. d4 cxd4 4. Nxd4 Nf6 5. Nc3 a6 6. Be2 e5 7. Nb3 Be7 8. Bg5
Nbd7 9. a4 b6 10. Bc4 Bb7 11. Qe2 O-O 12. O-O Qc7 13. Rfd1 Rfc8 14. Nd2 h6 15.
Bxf6 Nxf6 16. Bb3 Qc5 17. Nf1 Qb4 18. Ne3 Bf8 19. Qf3 Bxe4 20. Nxe4 Qxe4 21.
Qxe4 Nxe4 22. Bd5 Nf6 23. Bxa8 Rxa8 24. Ra3 Rc8 25. Rc3 Rxc3 26. bxc3 Ne4 27.
Nd5 b5 28. a5 Nc5 29. c4 bxc4 30. Rb1 f6 31. Rb6 Kf7 32. Nc7 d5 33. Nxd5 Ne4
34. Rb7+ Kg6 35. f3 Bc5+ 36. Kf1 Ng5 37. Rc7 Ne6 38. Rc6 Kf7 39. Nc7 Nxc7 40.
Rxc5 Ne6 1-0

[Event "Philadelphia Int'l"]
[Site "Philadelphia"]
[Date "2010.06.26"]
[Round "4"]
[White "Paragua, Mark"]
[Black "Panjwani, Raja"]
[Result "0-1"]
[WhiteElo "2497"]
[BlackElo "2401"]
[PlyCount "72"]
[EventDate "2010.06.??"]
[EventCountry "USA"]

1. d4 d5 2. c4 c6 3. Nc3 dxc4 4. e3 b5 5. a4 b4 6. Na2 a5 7. Bxc4 Ba6 8. Bxa6
Nxa6 9. Nf3 Qd5 10. O-O Nf6 11. Qe2 e6 12. Re1 Qb3 13. Bd2 Ne4 14. Nc1 Qd5 15.
Nd3 Bd6 16. Red1 O-O 17. Nfe5 c5 18. Nf4 Qb7 19. Be1 Rfd8 20. Qb5 Qc7 21. Rac1
h6 22. Nfd3 Nf6 23. Nf3 Rdb8 24. Qc4 Rf8 25. h3 Nd7 26. dxc5 Naxc5 27. Nxc5
Nxc5 28. Qc2 Be7 29. Nd4 Qb7 30. f3 e5 31. Nb5 Rab8 32. Qf5 Nxa4 33. Rc8 Qxc8
34. Qxe5 Bf6 35. Qd5 Nxb2 36. Nd6 Qe6 0-1

[Event "Philadelphia Int'l"]
[Site "Philadelphia"]
[Date "2010.06.26"]
[Round "4"]
[White "Pinkerton, James C"]
[Black "Gokhale, Chandrashekhar"]
[Result "0-1"]
[WhiteElo "2054"]
[BlackElo "2282"]
[PlyCount "34"]
[EventDate "2010.06.??"]
[EventCountry "USA"]

1. e4 e5 2. Nf3 Nc6 3. Bb5 Bc5 4. O-O Nf6 5. Nc3 d6 6. d3 Bg4 7. Be3 Nd7 8. Ne2
Bxf3 9. gxf3 Bxe3 10. fxe3 Qg5+ 11. Kf2 f5 12. Rg1 Qh4+ 13. Kg2 fxe4 14. fxe4
O-O 15. Qe1 Qg4+ 16. Ng3 Qf3+ 17. Kh3 Rf6 0-1

[Event "Philadelphia Int'l"]
[Site "Philadelphia"]
[Date "2010.06.27"]
[Round "5"]
[White "Aliyev, Timur"]
[Black "Panchanathan, Magesh"]
[Result "0-1"]
[WhiteElo "2218"]
[BlackElo "2549"]
[PlyCount "90"]
[EventDate "2010.06.??"]
[EventCountry "USA"]

1. e4 e5 2. Nf3 Nc6 3. Bb5 a6 4. Ba4 Nf6 5. O-O Be7 6. Re1 b5 7. Bb3 d6 8. c3
O-O 9. h3 Na5 10. Bc2 c5 11. d4 Qc7 12. Nbd2 Rd8 13. Nf1 cxd4 14. cxd4 d5 15.
Nxe5 dxe4 16. Bf4 Qb6 17. Ng3 Bb4 18. Rxe4 Bb7 19. d5 Bc5 20. Qe1 Nxe4 21. Nxe4
Nc4 22. Nxc5 Qxc5 23. Qe4 g6 24. Ng4 Bxd5 25. Nf6+ Kh8 26. Qe2 Qc6 27. Nxd5
Qxd5 28. Be4 Qe6 29. Qf3 Rac8 30. Bb7 Rc5 31. Qc3+ f6 32. Re1 Qf5 33. Bh6 Re5
34. g4 Qd3 35. Rxe5 Qxc3 36. bxc3 Nxe5 37. Be3 a5 38. Bd4 b4 39. f4 Rxd4 40.
cxd4 Nd3 41. Kf1 a4 42. Bd5 Kg7 43. Bc4 b3 44. a3 Nc1 45. Bd5 f5 0-1

[Event "Philadelphia Int'l"]
[Site "Philadelphia"]
[Date "2010.06.27"]
[Round "5"]
[White "Gokhale, Chandrashekhar"]
[Black "Karamsetty, Jeevan"]
[Result "0-1"]
[WhiteElo "2282"]
[BlackElo "2008"]
[PlyCount "67"]
[EventDate "2010.06.??"]
[EventCountry "USA"]

1. Nf3 Nf6 2. g3 d5 3. Bg2 c5 4. O-O Nc6 5. d3 Bg4 6. Nbd2 e5 7. h3 Bxf3 8.
Bxf3 Be7 9. e4 O-O 10. c3 d4 11. c4 a6 12. Bg2 Nd7 13. f4 Rc8 14. Nf3 f5 15.
Nxe5 Ndxe5 16. fxe5 Qc7 17. exf5 Qxe5 18. Bd5+ Kh8 19. Qf3 g5 20. Bd2 Bd6 21.
Bxg5 Qxg3+ 22. Qxg3 Bxg3 23. f6 Be5 24. Rae1 h6 25. Bh4 Bb8 26. f7 Kg7 27. Bf6+
Kg6 28. Be4+ Kxf7 29. Bxc6 Rg8+ 30. Bg2 Kg6 31. Kh1 Rge8 32. Bh4 Kh5 33. Rf5+
Kg6 34. Bd5 0-1

[Event "Philadelphia Int'l"]
[Site "Philadelphia"]
[Date "2010.06.27"]
[Round "5"]
[White "Melekhina, Alisa"]
[Black "Mulyar, Michael A"]
[Result "0-1"]
[WhiteElo "2265"]
[BlackElo "2398"]
[PlyCount "116"]
[EventDate "2010.06.??"]
[EventCountry "USA"]

1. e4 Nf6 2. Nc3 e5 3. Nf3 Nc6 4. g3 Bc5 5. Bg2 d6 6. O-O a6 7. d3 O-O 8. h3 h6
9. Kh2 Be6 10. Ng1 d5 11. f4 dxe4 12. Nxe4 Nxe4 13. Bxe4 Bd5 14. Qh5 Bxg1+ 15.
Rxg1 Nd4 16. Rg2 f5 17. Bxd5+ Qxd5 18. Be3 Nf3+ 19. Kh1 exf4 20. gxf4 Rae8 21.
c4 Qxd3 22. Bc5 Rf7 23. Rg3 Qxc4 24. Qxf3 Qxc5 25. Qxb7 Re3 26. Rag1 Rxg3 27.
Rxg3 Re7 28. Qg2 Qc1+ 29. Kh2 Qxf4 30. Qa8+ Kh7 31. Qxa6 c6 32. Qd3 Re4 33. Kg2
Rd4 34. Qc3 Rd2+ 35. Kh1 Qe4+ 36. Qf3 Rxb2 37. Qxe4 fxe4 38. Rc3 Rxa2 39. Rxc6
e3 40. Re6 e2 41. Kg1 Ra1+ 42. Kf2 e1=Q+ 43. Rxe1 Rxe1 44. Kxe1 Kg6 45. Kf2 Kf5
46. Kf3 g6 47. Ke3 g5 48. Kf3 h5 49. Ke3 Ke5 50. Kf3 Kd4 51. Ke2 Ke4 52. Kf2
Kf4 53. Kg2 Ke3 54. Kg3 h4+ 55. Kg4 Kf2 56. Kxg5 Kg3 57. Kf5 Kxh3 58. Kf4 Kg2
0-1

[Event "Philadelphia Int'l"]
[Site "Philadelphia"]
[Date "2010.06.27"]
[Round "5"]
[White "Rosen, Eric S"]
[Black "Paragua, Mark"]
[Result "0-1"]
[WhiteElo "2182"]
[BlackElo "2497"]
[PlyCount "66"]
[EventDate "2010.06.??"]
[EventCountry "USA"]

1. e4 c5 2. Nc3 Nc6 3. Bb5 Nd4 4. Bc4 Nf6 5. Nge2 a6 6. d3 b5 7. Bb3 Nxb3 8.
axb3 Bb7 9. O-O d6 10. Bg5 e6 11. f4 Be7 12. Qe1 h6 13. Bh4 O-O 14. f5 b4 15.
Nb1 exf5 16. Rxf5 d5 17. e5 Ng4 18. Bxe7 Qxe7 19. Qg3 Bc8 20. Rf1 Nxe5 21. Nd2
Ng4 22. Nf4 Qe3+ 23. Qxe3 Nxe3 24. Rfc1 g5 25. Ne2 a5 26. h3 Re8 27. Kf2 Nxg2
28. Ng1 Nf4 29. Re1 Rxe1 30. Rxe1 Bxh3 31. Nxh3 Nxh3+ 32. Kg3 Nf4 33. Re7 Kg7
0-1